Fifth gen fighters by picture - Statistics

General Stats
  • This quiz has been taken 10 times
  • The average score is 5 of 8
Answer Stats
Picture Answer % Correct
F-22
100%
J-20
67%
J-35
67%
Su-57
67%
F-35A
56%
F-35B
56%
F-35C
56%
J-35A
11%
No matching quizzes found
Score Distribution
Percent of People with Each Score
Percentile by Number Answered
Your Score History
You have not taken this quiz